THE RADIOLOGY OF ORTHOPAEDIC IMPLANTS: AN ATLAS OF TECHNIQUES AND ASSESSMENT (Record no. 800049)

MARC details
000 -LEADER
fixed length control field 00368pam a2200145 a 4500
020 ## - INTERNATIONAL STANDARD BOOK NUMBER
International Standard Book Number 0323002226
Terms of availability
041 ## - LANGUAGE CODE
Language code of original
100 ## - MAIN ENTRY--PERSONAL NAME
Personal name FREIBERG A. .
245 ## - TITLE STATEMENT
Title THE RADIOLOGY OF ORTHOPAEDIC IMPLANTS: AN ATLAS OF TECHNIQUES AND ASSESSMENT
Medium Textual Documents
250 ## - EDITION STATEMENT
Edition statement 1.
260 ## - PUBLICATION, DISTRIBUTION, ETC.
Name of publisher, distributor, etc. MOSBY
Date of publication, distribution, etc. 2001
300 ## - PHYSICAL DESCRIPTION
Extent 255:
Other physical details XVI;
Dimensions HB.
650 ## - SUBJECT ADDED ENTRY--TOPICAL TERM
Topical term or geographic name entry element ORTHO
930 ## - EQUIVALENCE OR CROSS-REFERENCE-UNIFORM TITLE HEADING [LOCAL, CANADA]
Uniform title 5522
Holdings
Withdrawn status Lost status Damaged status Not for loan Collection Home library Current library Date acquired Source of acquisition Cost, normal purchase price Total Checkouts Full call number Barcode Date due Date last seen Date last checked out Copy number Price effective from Koha item type
          Medical College & Hospital, Sangli Medical College & Hospital, Sangli 02/10/2012 B.M.S.G.B.PUNE 6961.50 1 MCS-10580 01/10/2043 06/10/2023 06/10/2023 1 26/07/2023 Book